Datum a čas kvízu

27.5 Celkem bodů Celkový počet nahraných bodů na tomto kvízu bez doplňovacích otázek.
3. Pořadí na kvízu Konečné umístění týmu na tomto kvízu.

Zaznamenané odpovědi

# Otázka Odpověď Body Výsledky
1. Která 55letá česká herečka a z... Kateřina Brožová 0
2. Norský výbor se rozhodl letoš... z Íránu 0
3. Agáta Hanychová minulý týden o... Miroslav Dopita 0
4. Ve středu byla v Berlíně předs... Škoda Kodiaq 0
5. Kolikátý titul v řadě mistra s... třetí titul 1
6. Téma o slavných trojicích, kte... Toyota, Nissan, Honda 0.5
7. Která tříčlenná kapela stojí z... Green Day 1
8. Na začátku které slavné původn... Matrix 0
9. S naším tématem jistě souvisí... d'Artagnana 1
10. Které společné příjmení patří... Zohorna 0